La Iglesia y la civilización en México

Síntesis: este boletín anuncia la edición de un libro titulado "La Iglesia y la civilizacióon en México", editado por la iglesia de Barcelona, España. Se exhorta a que todo mundo lo compre.

محفوظ في:
التفاصيل البيبلوغرافية
التنسيق: كتاب
الموضوعات:
الوسوم: إضافة وسم
لا توجد وسوم, كن أول من يضع وسما على هذه التسجيلة!

MARC

LEADER 00000nam^a2200000^a^4500
001 000250572
005 20250526000000.0
009 20260310105817.964
035 |a R01573 
037 |a Acervo Xavier Clavigero 
082 |a 9.  |b ANO 
245 1 3 |a La Iglesia y la civilización en México 
264 |a Barcelona, España. :  |b Destinatario: Público en general. 
300 |a 1 foja, impreso, 11.5 X 21.4 cms. 
336 |a texto  |b txt  |2 rdacontenido 
337 |a sin mediación  |b n  |2 rdamedio 
338 |a volumen  |b nc  |2 rdasoporte 
520 |a Síntesis: este boletín anuncia la edición de un libro titulado "La Iglesia y la civilizacióon en México", editado por la iglesia de Barcelona, España. Se exhorta a que todo mundo lo compre. 
598 |a Volante. 
649 |a XX 
650 |a * Propaganda. 
650 |a Libros 
600 |a Calles, Plutarco Elías 
910 |a Fondo Jesús Gómez Fregoso S.J. FXC 
920 |a Impresos - Documentos 
930 |a Libros Antiguos y Raros 
940 |a Guerra Cristera 
905 |a 110 
901 |a R01573  |b IT2  |c LRA  |i R01573  |u 20250526 
902 |a https://opac.biblio.iteso.mx/vufind/Record/000250572